[Event "Olympiad-32"]
[Site "Yerevan"]
[Date "1996.09.25"]
[Round "9.1"]
[White "Magomedov, Magaram"]
[Black "Ftacnik, Lubomir"]
[Result "0-1"]
[WhiteElo "2460"]
[BlackElo "2610"]
[Annotator "Ftacnik,L"]
[PlyCount "94"]
[EventDate "1996.09.15"]
[EventType "team-swiss"]
[EventRounds "14"]
[EventCountry "ARM"]
[SourceTitle "CBM 055"]
[Source "ChessBase"]
[SourceDate "1996.12.01"]
[SourceVersion "1"]
[SourceVersionDate "1996.12.01"]
[SourceQuality "1"]
[WhiteTeam "Tajikistan"]
[BlackTeam "Slovakia"]
[WhiteTeamCountry "TJK"]
[BlackTeamCountry "SVK"]

1. e4 d6 2. d4 Nf6 3. Bd3 g6 4. h3 Bg7 5. Nf3 O-O 6. O-O Nc6 7. Re1 Nd7 8. c3
e5 9. Bf1 (9. Be3 Kh8 10. Na3 f5 11. Bg5 Bf6 12. Bh6 Bg7 13. Bg5 Bf6 14. Bh6
Bg7 15. Bxg7+ Kxg7 16. exf5 gxf5 17. dxe5 dxe5 18. Bb5 e4 19. Nd4 {Wendel,
S-Werner,G/BL2-SW 8889/1989/1-0 (52)}) (9. Bc2 Kh8 10. Na3 a6 11. Nc4 f5 12.
Ng5 Qf6 13. exf5 gxf5 14. f4 e4 15. Qh5 h6 16. Bb3 Ne7 17. Ne3 {1/2-1/2
Kakabadze,R-Chatalbashev,B/Baden Baden op (08)/1993 (24)}) (9. Na3 h6 10. Bb5
$1 (10. Nc2 f5 $13) 10... Ne7 $1 (10... f5 $5 11. Bxc6 bxc6 12. dxe5 dxe5 13.
Nc4 f4 14. b3 Qf6 $1 $13) 11. Nc2 (11. dxe5 dxe5 12. Be3 a6 13. Bf1 b6 14. Qd2
Kh7 15. Rad1 Ng8 16. Nc2 Qe8 17. Qd5 Ra7 18. Nb4 Nb8 19. Qb3 Nf6 {Godena,
M-Khalifman,A/Ischia (07)/1996/0-1 (55)}) 11... a6 12. Bf1 b6 $1 13. a4 Bb7 14.
dxe5 dxe5 15. b3 Nc8 $5 16. Ba3 Nd6 $1 17. Nd2 c5 {Leko,P-Lobron,E/Dortmund/
1995/1-0 (45)}) (9. a4 h6 10. Bf1 f5 11. dxe5 dxe5 12. exf5 gxf5 13. Na3 e4 14.
Nd2 Nc5 15. Nb3 Ne6 16. Qxd8 Rxd8 17. Be3 Bd7 18. Red1 Kh7 19. Bc4 {Proehl,
H-Horvath,C/Budapest FS05 GM (05)/1996/0-1 (71)}) (9. Bb5 Qe7 10. Na3 Nd8 11.
Bf1 Ne6 12. Nc4 b6 $2 (12... Nb6 13. Ne3 Nf4 14. a4 a5) 13. a4 (13. dxe5 $1
dxe5 14. Qd5 Rb8 15. Ncxe5 Nxe5 16. Nxe5 Bb7 17. Qd7 $16) 13... exd4 14. cxd4
c5 15. Be3 $1 cxd4 16. Nxd4 Ndc5 17. Nf5 $1 gxf5 18. exf5 {1-0 Malaniuk,
V-Plaskett,J/Hastings op/1995 (28)}) 9... h6 10. dxe5 dxe5 11. Nbd2 f5 12. b4
Qf6 (12... a6 13. Ba3 $14) 13. b5 Ne7 14. Ba3 (14. exf5 $5 gxf5 15. Ba3 Re8 16.
Nc4 e4 17. Nd4 $14) 14... f4 15. Nc4 (15. Qb3+ Kh7 16. Qc4 $5 c6 17. Bxe7 Qxe7
18. bxc6 bxc6 19. Qxc6 Nb6 $14) 15... Re8 16. Re2 (16. Qb3 Kh7 17. Rad1 a6 $13)
16... a6 17. bxa6 (17. Rd2 axb5 18. Rxd7 Bxd7 19. Qxd7 bxc4 20. Bxc4+ Kh7 $17)
17... Qxa6 (17... b5 $2 18. Bxe7 Qxe7 19. Qd5+ $18) (17... Rxa6 18. Qb3 $14)
18. Rd2 Qc6 19. Qb3 Kh7 20. Ncxe5 $2 (20. Rad1 Nc5 21. Bxc5 Qxc5 22. Ncxe5 $1 (
22. Rd8 Be6 23. Rxe8 Rxe8 $15) 22... Ra3 (22... Bxe5 23. Qf7+ Bg7 24. Qxe8 $18)
23. Qb5 (23. Qf7 Rf8 24. Qc4 Rxc3) 23... Qxb5 24. Bxb5 c6 25. Bc4 Rxc3 $13) (
20. Qb4 Ng8 21. Rad1 Ra4 22. Qb3 Ngf6 $13) (20. Rxd7 Qxd7 21. Ncxe5 Bxe5 22.
Nxe5 Qe6 $15) 20... Nxe5 21. Nxe5 (21. Bb5 Nxf3+ 22. gxf3 Qxc3 23. Qxc3 Bxc3
24. Bxe8 Bxh3 25. Rc1 Bxd2 26. Rxc7 Rxe8 $19) 21... Bxe5 22. Bb5 (22. Qf7+ Bg7
23. Bxe7 Be6 $19) 22... Qf6 $6 (22... Qxc3 23. Qf7+ Bg7 24. Bb2 Be6 $1 25. Bxc3
(25. Qxf4 Rf8 26. Bxc3 Rxf4 27. Bxg7 Kxg7 $19) 25... Bxf7 26. Bxg7 Kxg7 27.
Bxe8 Bxe8 $19) 23. Bxe8 Be6 24. Bxe7 (24. Rd7 Bxb3 25. Bxe7 Qe6 26. Bf6+ Qxd7
27. Bxd7 Bxf6 $19) 24... Qxe7 25. Qxb7 $2 (25. Bxg6+ Kxg6 26. Qxb7 Rf8 (26...
Ra3 27. Rd3 Qc5 $15) 27. Rd3 f3 28. Qc6 Kh7 29. g4 h5 $15) 25... Rxe8 26. Rad1
f3 $1 27. Qb5 (27. Rd3 Bxh3 $1 28. gxh3 (28. Rxf3 Bg4 $19) 28... Qg5+ 29. Kf1
Qg2+ 30. Ke1 Bf4 $19) 27... Qg5 28. g3 (28. g4 Bxg4 $19 (28... Bh2+ 29. Kxh2
Qxb5 $19)) 28... Re7 29. a4 (29. h4 Qg4 30. Qf1 Bxg3 31. fxg3 Qxg3+ 32. Kh1 Bh3
33. Qg1 (33. Qe1 Bg2+ 34. Kg1 Qh3 35. Rd4 Rf7 $19) 33... Bg2+ 34. Rxg2 fxg2+
35. Qxg2 Qxh4+ 36. Kg1 Rxe4 $19) 29... h5 30. Rd3 (30. a5 h4 31. Rd3 Rf7 $19)
30... Bxh3 31. Re1 (31. Rxf3 Bg4 $19) 31... Bg2 (31... Qg4 $1 32. Rd5 (32. Qc5
Bd6 33. Qe3 Bg2 $19) 32... Bg2 33. Rxe5 Qh3 34. Rxe7+ Kh6 $19) 32. Qc5 Rg7 (
32... h4 33. Red1 hxg3 34. Qxe7+ Qxe7 35. Rd7 Qxd7 36. Rxd7+ Kh6 37. fxg3 $17)
33. Rd5 (33. Qf8 Bxg3 $1 34. fxg3 (34. Rd8 Bh2+ 35. Kxh2 Qh4+) 34... Qxg3 $19)
33... Qg4 34. Rxe5 Qh3 35. Rxh5+ $8 gxh5 36. Qf5+ Qxf5 37. exf5 Rf7 38. a5 (38.
Re5 Rd7 39. Re1 Rd5 $19) 38... Rxf5 39. Ra1 Rf8 40. Kh2 (40. a6 Ra8 41. a7 Kg6
42. Ra5 Kf6 43. Kh2 Ke6 $19) 40... Ra8 41. a6 Ra7 42. Ra5 Kg6 43. Ra1 (43. g4
hxg4 44. Kg3 Bh3 45. Kf4 Kf6 $19) 43... Kf5 44. Ra4 Ke5 45. Ra5+ Ke4 46. Rc5 (
46. Rxh5 Rxa6 47. Rh4+ Kd3 48. g4 c5 49. Kg3 c4 $19) 46... Rxa6 47. Rxc7 Ra1 (
47... Ra1 48. g4 h4 $19) 0-1

[Event "RUS-ch"]
[Site "Elista"]
[Date "1994.??.??"]
[Round "2"]
[White "Aseev, Konstantin N"]
[Black "Zakharevich, Igor"]
[Result "1-0"]
[WhiteElo "2540"]
[BlackElo "2415"]
[Annotator "Ftacnik,L"]
[PlyCount "79"]
[EventDate "1994.09.??"]
[EventType "swiss"]
[EventRounds "11"]
[EventCountry "RUS"]
[SourceTitle "CBM 044"]
[Source "ChessBase"]
[SourceDate "1995.02.01"]
[SourceVersion "1"]
[SourceVersionDate "1995.02.01"]
[SourceQuality "1"]

1. e4 {Belov} d6 2. d4 Nf6 3. Nc3 g6 4. g3 Bg7 5. Bg2 O-O 6. Nge2 e5 7. h3 c6
8. a4 exd4 (8... a5 $5 {Belov} 9. O-O Na6) 9. Nxd4 Re8 10. O-O Na6 11. a5 (11.
Bf4 Nb4 12. a5 d5 $1) 11... Nb4 (11... Nc5 12. Re1 d5 13. exd5 Rxe1+ 14. Qxe1
Nxd5 15. Nxd5 Bxd4 (15... cxd5 16. Be3 $14) 16. Ne7+ Kg7 17. a6 $1 $16) 12. f4
(12. Ra4 $6 c5 13. Ndb5 d5 $1 14. exd5 Bf5 $5 $13 (14... a6 15. Na3 Bd7 16. Nc4
Bxa4 17. Nxa4 Nbxd5 18. Bg5 $44)) (12. Kh2 $5 {Belov} d5 $6 13. exd5 Nfxd5 14.
Nxd5 Nxd5 15. a6 $1 Qb6 16. c3 Rb8 17. Qa4 $16 {Ivanchuk,V-Nikolic,P/Moscow
(GMA)/1990/1:0/30/}) (12. Nde2 {Belov} Re5 (12... d5 $10) 13. Ra4 c5 14. Bf4
Re6 15. Ra1 Nc6 $13 {Motwani,P-Ivanchuk,V/Novi Sad(ol)/1990/0:1/46/}) 12... a6
(12... d5 13. e5 Nd7 14. Nce2 f6 15. e6 Nf8 16. c3 Na6 17. f5 gxf5 18. Nxf5 $36
) 13. g4 h6 (13... Nxg4 $6 14. hxg4 Bxd4+ 15. Qxd4 Nxc2 16. Qa4 Nxa1 17. f5 $1
$40) 14. Nde2 c5 (14... Be6 15. Ng3) (14... d5 {Belov} 15. e5 Nh7 16. Be3 $16)
15. Be3 Qc7 16. Qd2 Bd7 (16... Nc6 17. b3 Nxa5 $2 18. g5 hxg5 19. fxg5 Nh7 20.
Nd5 $18) 17. Bf2 (17. Ng3 $6 {Belov} d5 18. exd5 (18. e5 d4) 18... Nfxd5 19.
Nxd5 Nxd5 20. Bxd5 Rxe3 $1 $17) 17... Bc6 (17... Rad8 {Belov} 18. Ng3 Bc8 $5)
18. Ng3 Rad8 19. Rfe1 Rd7 (19... d5 20. e5 (20. Bxc5 $6 dxe4 21. Qf2 Nbd5 22.
Nxd5 Nxd5 $13) 20... Nd7 (20... d4 $8 {Belov} 21. exf6 dxc3 22. Qxc3 $16) 21.
h4 d4 22. Nce4 $40) (19... Nh7 $32 {Belov}) 20. g5 $6 (20. Na4 Rde7 21. c3 Bxa4
22. Rxa4 Nc6 23. b4 $16) 20... Nh7 $2 (20... hxg5 21. fxg5 Nh7 22. Nd5 Qd8 $1 (
22... Nxd5 23. exd5 Rxe1+ 24. Rxe1 Bb5 25. Re8+ Nf8 26. Ne4 Re7 27. Nf6+ Bxf6
28. gxf6 Rxe8 29. Qh6 Ne6 30. dxe6 fxe6 31. Qxg6+ Kf8 (31... Kh8 32. f7 Rf8 33.
Qh6#) 32. Be3 Qf7 33. Bh6+) 23. h4 Nxd5 24. exd5 Bb5 25. Rxe8+ Qxe8 26. Re1 Re7
$10) 21. Nd5 Nxd5 (21... Bxd5 {Belov} 22. exd5 {/\23.c3+-}) 22. exd5 Rxe1+ 23.
Rxe1 Bb5 24. Re8+ Bf8 (24... Nf8 25. f5 hxg5 (25... Rd8 26. Rxd8 Qxd8 27. f6
Bh8 28. h4 $18 {xBh8}) 26. Qxg5 $40 (26. Qxg5 {Belov} f6 27. Qg4 g5 28. h4 $18)
) 25. c4 $1 Bxc4 26. gxh6 $2 (26. Qc3 Bb5 27. gxh6 f6 28. Ne4) 26... Bb5 $2 (
26... Re7 27. Rxf8+ Nxf8 28. Qc3 f5 29. Qxc4 Qxa5 $14) (26... Rd8 {Belov} 27.
Rxf8+ $1 Kxf8 28. Qc3 $18) 27. Qc3 f6 28. Ne4 Re7 (28... Rf7 29. Re6 Bd7 (29...
Bxh6 30. f5 gxf5 31. Nxd6 $40) (29... Be7 30. Qg3 Nf8 31. f5 $1 g5 32. h4 $18)
30. Qg3 $40) 29. Nxf6+ Nxf6 30. Rxf8+ Kxf8 31. Qxf6+ Kg8 (31... Rf7 32. Qh8+
Ke7 33. Qg8 $18) 32. Qxg6+ Kf8 (32... Kh8 {Belov} 33. Bh4 $18) 33. Qf6+ Ke8 34.
Qg6+ Kf8 (34... Kd7 {Belov} 35. Bh4 Re8 36. Qf5+ $18) 35. Bh4 Rf7 36. Be4 Rxf4
37. Bf6 Rxf6 (37... Rxe4 {Belov} 38. h7) 38. Qxf6+ Qf7 39. Qxd6+ Kg8 40. Qd8+
1-0

[Event "Biel GM"]
[Site "Biel"]
[Date "2000.07.30"]
[Round "6"]
[White "Gelfand, Boris"]
[Black "Ponomariov, Ruslan"]
[Result "1/2-1/2"]
[WhiteElo "2681"]
[BlackElo "2630"]
[Annotator "Gelfand,B"]
[PlyCount "126"]
[EventDate "2000.07.24"]
[EventType "tourn"]
[EventRounds "10"]
[EventCountry "SUI"]
[EventCategory "16"]
[SourceTitle "CBM 079"]
[Source "ChessBase"]
[SourceDate "2000.11.21"]
[SourceVersion "1"]
[SourceVersionDate "2000.11.21"]
[SourceQuality "1"]

1. e4 {Finkel,A} d6 2. d4 Nf6 3. Nc3 g6 4. Be3 c6 5. Qd2 b5 6. Bd3 Nbd7 7. Nf3
e5 8. O-O Bb7 (8... exd4 {Finkel,A} 9. Bxd4 b4 10. Ne2 c5 11. Be3 Bg7 12. a3
bxa3 13. Rxa3 O-O 14. Bh6 $14 {Zhao Zong Yuan-Wallace,J/Doeberl Cup 2000}) (
8... a6 {Finkel,A} 9. h3 (9. dxe5 dxe5 10. a4 Rb8 11. Rfd1 Be7 12. axb5 axb5
13. h3 O-O 14. Ne2 Qc7 15. Ng3 $14 {Lehner,O-Chernin,A/ch-AUT (team) 1999})
9... Bg7 10. a4 Bb7 11. axb5 cxb5 12. d5 O-O 13. Nh2 Qc7 14. Ng4 $14 {Sherzer,
A-Lechtynsky,J/Brno-B 1993/CBM 38/1-0 (26)}) 9. a4 (9. Rfe1 {Finkel,A} Bg7 10.
Bh6 (10. dxe5 dxe5 11. h3 (11. a4 b4 12. Ne2 c5 {[%cal Gf6g4]})) 10... O-O 11.
a4 $6 (11. Bxg7 Kxg7 12. dxe5 dxe5 13. a4) 11... exd4 12. Nxd4 b4 13. Nd1 c5
14. Bxg7 Kxg7 15. Nf3 Re8 $15 {[%csl Rd1,Re4] Zapata,A-Hansen,C/Erevan olm
1996/EXT 96ch2/0-1 (52)}) (9. Bh6 {Finkel,A} Bxh6 10. Qxh6 Ng4 11. Qd2 O-O 12.
h3 Ngf6 13. dxe5 Nxe5 14. Nxe5 dxe5 15. Rad1 Qe7 16. Ne2 Kg7 $11 {Ni
Hua-Ponomariov,R/Ol (Children) 1999}) 9... a6 10. Rad1 (10. dxe5 {Finkel,A}
dxe5 11. Rad1 $6 Bb4 $2 (11... Bg7 $142 12. h3 O-O) (11... b4 $6 12. Ne2 c5 13.
Ng3 Bg7 (13... Ng4 $2 14. Bc4 $18) 14. Bh6 (14. c3 $14) 14... O-O 15. Bxg7 Kxg7
16. Qg5 Qc7 17. Bc4 $36) 12. Bh6 {[%csl Re8]} Qe7 $2 13. Qe2 Ng4 14. Bg5 f6 15.
Bd2 $16 {Hauchard,A-Leski,M/FRA-ch 1997}) 10... Be7 {N '?!' Finkel,A. Finkel,A:
'Ponomariov is extremly strong and very gifted young player,which is definitly
aware that in this variation bishop's place is on g7,but nevertheless played
10...Be7. In my opinion the answer is somewhere in psychological aspects of
chess, because from pure chess point of view'} (10... Bg7 11. axb5 cxb5 12.
dxe5 dxe5 13. Nxb5 axb5 14. Bxb5 Ba6 15. Bxa6 Rxa6 16. Nxe5 Qc8 17. Qd4 Nxe5
18. Qxe5+ Re6 19. Qb5+ Nd7 20. Rd5 Qc6 21. Qb4 Re5 22. Rfd1 Rxd5 23. exd5 Qc7
24. Bf4 Qc5 25. Re1+ Kd8 26. Qb7 {1-0 Kupreichik-Karasev,V/Minsk 1976 (33)}) (
10... Bg7 $5 {(Finkel,A) looks better than the move in the game.}) 11. Bh6 (11.
axb5 $5 cxb5 12. Bh6) (11. dxe5 $5 dxe5 12. Bh6) 11... exd4 (11... Ng4 $2 12.
dxe5 dxe5 13. axb5 axb5 14. Nxb5 $18) 12. Nxd4 b4 (12... Ng4 13. axb5 axb5 14.
Bf4 Nge5 15. Be2 b4 16. Nb1 c5 17. Nb5 Ra6 18. Bxe5 (18. c3 $5) 18... Nxe5 (
18... dxe5 19. Bc4) 19. f4 Nd7 20. e5 dxe5 21. fxe5 Nxe5 22. Qxd8+ Bxd8 23.
Nd6+ Rxd6 24. Rxd6 $16) (12... c5 {Finkel,A} 13. Nf3 c4 $6 14. Be2 $2 Nxe4 15.
Nxe4 Bxe4 16. Qd4 Nf6 17. Bg7 $18) 13. Nce2 c5 14. Nf3 Qc7 (14... Nxe4 $5 15.
Qf4 (15. Qe3 {Finkel,A} f5 16. Bc4 (16. Nf4 d5 17. Bxe4 fxe4 18. Nxd5 exf3 19.
Rfe1 Bxd5 20. Rxd5 $40)) 15... Nef6 (15... f5 16. Bxe4 (16. c3) 16... Bxe4 17.
Ng5) (15... Ndf6 16. Rfe1) 16. Rfe1 $44 (16. Ng3 $5)) 15. Nf4 (15. c3 $5 Nxe4
16. Bxe4 (16. Qf4 $5) 16... Bxe4 17. cxb4) 15... Ne5 (15... c4 16. Be2 c3 17.
Qd4 Qc5 18. bxc3 bxc3 19. Qxc5 Nxc5 20. e5 $16) 16. Nxe5 dxe5 17. Nd5 {'!'
Finkel,A. Finkel,A: 'Of coarse.The results of black's opening experiment are
quiet painfull:white is in control of what happens on the board.'} (17. Bg7 Rg8
(17... exf4 18. Bxh8 Ng4 19. h3 O-O-O 20. hxg4 c4 21. Bg7 $16) 18. Bxf6 Bxf6
19. Nd5 Bxd5 20. exd5 {'+/=' Finkel,A.} Qd6 $11) 17... Nxd5 18. exd5 c4 (18...
O-O-O 19. Qe2) (18... Bxd5 19. Bxa6 Bxg2 20. Bb5+ Bc6 21. Qd5 Rc8 22. Bg7 $16)
(18... Bxd5 {Finkel,A}) 19. d6 $1 Bxd6 (19... Qc6 20. Be4 $3 (20. f4 {Finkel,A}
cxd3 21. dxe7 Qxc2 22. Bg7 Rg8 23. Bxe5 $36) 20... Qxe4 21. f3 $16) (19... Qxd6
{Finkel,A} 20. Bxc4 Qc6 21. Bd5 Qxd5 22. Qxd5 Bxd5 23. Rxd5 f6 24. Rfd1 Rc8 $14
) 20. Bxc4 {'+/-' Finkel,A.} O-O-O 21. Qe2 a5 22. Bg7 (22. c3 $5) (22. c3 {
Finkel,A}) 22... Rhe8 23. Bf6 Rd7 24. Bb5 Bc6 25. c3 bxc3 26. bxc3 (26. Rc1
Bxb5 27. Qxb5 c2 28. Qb3 Qb7 29. Rxc2+ Kb8 $11) (26. Rd3 Bb4 (26... Bxb5 27.
axb5 Bb4 28. Rxd7 Qxd7 29. bxc3 Bc5 30. Qe4 $14) 27. Rxd7 Qxd7 28. bxc3 Bxb5 (
28... Bc5 29. Qc4) 29. axb5 Bc5 $14) 26... Re6 27. Bg5 Bc5 28. Rb1 f6 29. Qc4
$4 {'?' Finkel,A. Finkel,A: 'Overlooking very nice reply of black.'} (29. Ba6+
Kd8 30. Bc4 Bd5 31. Bxd5 Rxd5) (29. Be3 $5 Bxe3 (29... Bxb5 30. Rxb5 Rc6 31.
Rxc5 Rxc5 32. Qa6+) 30. Qxe3 Bxb5 31. Rxb5 Rc6 32. Rfb1 Rxc3 33. Rb8+ Qxb8 34.
Qxc3+ Qc7 35. Qf3 $36) 29... Rd5 $4 {'?' Finkel,A. Finkel,A: 'Black also
doesn't take a chanse that the Fortune has given him:'} (29... Bxb5 30. Qxe6 (
30. Rxb5 {Finkel,A} Bxf2+ $19) 30... Bc4 $3 (30... Bxf1 31. Bxf6 $18 (31. Bxf6
{Finkel,A} Bd3 32. Qe8+ Rd8 33. Bxd8 $18)) 31. Qxf6 Rf7 $19 {'-/+' Finkel,A.})
30. Be3 Bxe3 31. fxe3 Rdd6 32. Rfd1 (32. Rb3 {Finkel,A} Bxb5 33. Qxc7+ Kxc7 34.
Rxb5 Rd3 $11) 32... Bxb5 (32... Bb7 33. Qxe6+ Rxe6 34. Bd7+ Qxd7 35. Rxd7 Kxd7
36. Rxb7+ Kc8 37. Rxh7 Rc6 38. Ra7 $16) 33. Qxb5 Rxd1+ 34. Rxd1 Rd6 35. Rxd6 {
'!?' Finkel,A. Finkel,A: 'The queens endgame is much better for white,but it
demands a lot of efforts to win it. '} (35. Rb1 Qxc3 (35... Kd8 36. Qb3 $1 Kc8
$1 37. h3 f5 $14) 36. Qb7+ Kd8 37. Qxh7 Qxe3+ 38. Kh1 Rd7 (38... Qb3 39. Qh8+
Ke7 40. Qg7+ Ke8 41. Qxg6+ Kd8 42. h3 Rd1+) 39. Qxg6 Qf2 $1 40. h3 Ke7 $11) (
35. Rb1 $1 {Finkel,A}) 35... Qxd6 36. Qxa5 Qd1+ 37. Kf2 Qd2+ 38. Kf3 e4+ (38...
Qd1+ 39. Ke4 Qc2+ (39... Qg4+ 40. Kd3 Qd1+ 41. Kc4 Qe2+) 40. Kd5 Qxg2+ 41. Kd6
(41. Ke6 {Finkel,A} Qc6+ 42. Kf7 e4 $11)) 39. Kxe4 Qxg2+ 40. Kd3 Qf1+ (40...
Qxh2 41. Qa6+ Kc7 42. Qxf6) 41. Kd4 Qf2 42. Qc5+ (42. Qb6 Qxh2 43. Qxf6 h5 $132
) 42... Kd7 43. Qd5+ (43. a5 Qxh2 (43... Qd2+ 44. Kc4 Qe2+ 45. Kb4) 44. Qd5+ $2
Qd6 45. a6 (45. e4 Kc7 46. Qxd6+ Kxd6 47. a6 Kc6) 45... Qxd5+ 46. Kxd5 Kc7 47.
c4 h5 48. c5 h4) (43. Kd5 Qf3+ (43... Qg2+ 44. e4) (43... Qa2+ 44. Qc4) 44. Kc4
Qe2+ 45. Kb4 Qxh2 $11) 43... Kc7 44. Qc5+ Kd7 45. Qd5+ Kc7 46. Qe4 (46. Qf7+ {
Finkel,A} Kd6 47. Qxh7 Qd2+ 48. Kc4 Qe2+ 49. Kb3 Qd1+ 50. Kb4 Qb1+ 51. Ka5 Qf5+
52. Ka6 Qd3+ $11) 46... Qxh2 47. Qe7+ Kc8 48. Qxf6 h5 $1 {'!?' Finkel,A.} 49.
Qf8+ (49. Qxg6 h4 $11) 49... Kd7 50. Qf7+ Kc8 51. Qf8+ Kd7 52. Qg7+ Kc8 53. Kd5
(53. Qxg6 $5 {Finkel,A} h4 54. a5 Qd2+ $1 55. Kc4 Qe2+ 56. Kb3 Qb5+ 57. Kc2
Qe2+ $11) 53... Qa2+ 54. c4 Qxa4 55. Qxg6 Qd7+ 56. Ke4 Qb7+ 57. Kf4 Qc7+ 58.
Kf3 Qxc4 59. Qxh5 Qf1+ 60. Kg3 Kd7 61. Qf3 Qxf3+ 62. Kxf3 Ke7 63. Kg4 Ke6
1/2-1/2